|
|
|
|
| LEADER |
00000nam0a2200000 4500 |
| 001 |
101437 |
| 005 |
20231031112624.0 |
| 020 |
|
|
|a RU
|b 86-52594
|
| 035 |
|
|
|a (RuTPU)RU\TPU\book\109323
|
| 090 |
|
|
|a 101437
|
| 100 |
|
|
|a 20060911d1986 k a0rusy5003 ca
|
| 101 |
0 |
|
|a rus
|
| 102 |
|
|
|a RU
|
| 105 |
|
|
|a a z 001zy
|
| 200 |
1 |
|
|a Акустическая эмиссия: физико-механические аспекты
|f А. С. Трипалин, С. И. Буйло
|g Ростовский государственный университет; отв. ред. И. И. Ворович
|
| 210 |
|
|
|a Ростов н/Д
|c Изд-во Рост. ун-та
|d 1986
|
| 215 |
|
|
|a 158,[1] с.
|c ил.
|d 20 см
|
| 320 |
|
|
|a Библиогр.: с. 152-157 (114 назв.).
|
| 610 |
1 |
|
|a акустическая эмиссия
|
| 675 |
|
|
|a 539.37:534.2
|z rus
|v 3
|
| 700 |
|
1 |
|a Трипалин
|b А. С.
|g Александр Сергеевич
|
| 701 |
|
1 |
|a Буйло
|b С. И.
|g Сергей Иванович
|
| 702 |
|
1 |
|a Ворович
|b И. И.
|4 340
|
| 712 |
0 |
2 |
|a Ростовский государственный университет
|2 stltpush
|3 (RuTPU)RU\TPU\col\3289
|
| 801 |
|
0 |
|a RU
|b RuMRKP
|c 19950704
|g psbo
|
| 801 |
|
1 |
|a RU
|b 63413507
|c 20060911
|g PSBO
|
| 801 |
|
2 |
|a RU
|b 63413507
|c 20070831
|g PSBO
|
| 942 |
|
|
|c BK
|